Diabetic Retinopathy Detection (Web Based Application) / (Record no. 595677)
[ view plain ]
| 000 -LEADER | |
|---|---|
| fixed length control field | 01515nam a22001817a 4500 |
| 003 - CONTROL NUMBER IDENTIFIER | |
| control field | NUST |
| 040 ## - CATALOGING SOURCE | |
| Original cataloging agency | 0 |
| 082 ## - DEWEY DECIMAL CLASSIFICATION NUMBER | |
| Classification number | 005.1,SHA |
| 100 ## - MAIN ENTRY--PERSONAL NAME | |
| Personal name | Shafiq, Ridha |
| 245 ## - TITLE STATEMENT | |
| Title | Diabetic Retinopathy Detection (Web Based Application) / |
| Statement of responsibility, etc. | Ridha Shafiq, Syeda Saman Fatima, Fatimah Ahmad, Yalmaz Khan |
| 264 ## - PRODUCTION, PUBLICATION, DISTRIBUTION, MANUFACTURE, AND COPYRIGHT NOTICE | |
| Place of production, publication, distribution, manufacture | MCS, NUST |
| Name of producer, publisher, distributor, manufacturer | Rawalpindi |
| Date of production, publication, distribution, manufacture, or copyright notice | 2023 |
| 300 ## - PHYSICAL DESCRIPTION | |
| Extent | xv, 90 p |
| 505 ## - FORMATTED CONTENTS NOTE | |
| Formatted contents note | The Diabetic Retinopathy Detection Application is a cutting-edge, web-based decision-support system that leverages automated screening to detect DR, which is a significant contributor to early blindness in diabetic patients. The system streamlines the screening process and reduces ophthalmologists' workload by automating the report generation process. The project's scope includes identifying key challenges for DR detection, researching recognition techniques, and implementing the proposed method. The project also aims to transfer important diagnostic, teaching, and research technologies, establish a medical image processing research lab in future, and form an innovative incubation center to address industry-related problems. Ultimately, the Diabetic Retinopathy Detection Application (Retina Doc) aims to reduce the risk of blindness among diabetic patients, especially in remote areas deprived of high-end machines that can detect DR, and save individuals from the consequences of DR. |
| 650 ## - SUBJECT ADDED ENTRY--TOPICAL TERM | |
| Topical term or geographic name entry element | UG BESE |
| 690 ## - LOCAL SUBJECT ADDED ENTRY--TOPICAL TERM (OCLC, RLIN) | |
| Topical term or geographic name as entry element | BESE-25 |
| 700 ## - ADDED ENTRY--PERSONAL NAME | |
| Personal name | Supervisor Dr. Naima Iltaf |
| 942 ## - ADDED ENTRY ELEMENTS (KOHA) | |
| Source of classification or shelving scheme | |
| Koha item type | Project Report |
| Withdrawn status | Permanent Location | Current Location | Shelving location | Date acquired | Full call number | Barcode | Koha item type |
|---|---|---|---|---|---|---|---|
| Military College of Signals (MCS) | Military College of Signals (MCS) | General Stacks | 08/30/2023 | 005.1,SHA | MCSPCS-461 | Project Report |
